Teachings of Islam. (Record no. 5772)

MARC details
000 -LEADER
fixed length control field 00594nam a2200241 a 4500
020 ## - INTERNATIONAL STANDARD BOOK NUMBER
ISBN
082 00 - DEWEY DECIMAL CLASSIFICATION NUMBER
Classification number 297.2
Author Cutter KAN
100 ## - MAIN ENTRY--AUTHOR NAME
Author name Kandhilwi, M Zakarya
245 ## - TITLE STATEMENT
Title Teachings of Islam.
260 ## - PUBLICATION, DISTRIBUTION, ETC. (IMPRINT)
Place of publication Delhi
Name of publisher Idara-E-Ishaat Diniyat
Year of publication 0000
300 ## - PHYSICAL DESCRIPTION
Number of Pages 180p
500 ## - GENERAL NOTE
General note includes index and biblioraphy
505 2# - FORMATTED CONTENTS NOTE
Formatted contents note Glossary, Bibliography
650 ## - SUBJECT ADDED ENTRY--TOPICAL TERM
Topical Term Islam-Doctrines
942 ## - ADDED ENTRY ELEMENTS (KOHA)
Koha item type Books
700 1# -
-- Kandhilwi, M Zakarya
Holdings
Collection code Home library Current library Date acquired Cost, normal purchase price Full call number Accession Number Koha item type
  Henry Martyn Institute Library Henry Martyn Institute Library 07/05/2007 40.00 297.2 KAN 09164 Books
                   Copyright © 2026 | Henry Martyn Institute | Hyderabad | TS-500052 | INDIA | Implemented by hmi.edu.in
Hit-Count:

Powered by Koha